000 00707nam a2200253 a 4500
008
020 _a0751731730 (pbk.)
049 _aMAIN
090 _aHF5635 CHA
100 1 _aChartered Institute of Management Accountants.
245 1 0 _aFinancial reporting :
_bintermediate paper 7 /
_cCIMA.
250 _a2nd ed.
260 _aLondon :
_bBPP,
_c2001.
300 _axviii, 620 p. ;
_c30 cm.
440 _aCIMA study text.
500 _aIncludes index.
650 0 _aAccounting.
650 0 _aFinancial statements.
907 _a.b10233933
_b01-04-08
_c21-02-07
003
005 20230123134407.0
040 _cNUST
942 _cBOOKS
_kHF5635 CHA
999 _c165141
_d165141